Notable UNL Alumni - Statistics

General Stats
  • This quiz has been taken 3 times
  • The average score is 5 of 13
Answer Stats
Picture Answer % Correct
Johnny Carson
100%
Ndamukong Suh
100%
Tyronn Lue
100%
Warren Buffett
100%
John J. Pershing
50%
Aaron Douglas
0%
Ev Williams
0%
Jeff Zeleny
0%
Joel Sartore
0%
Mary Pipher
0%
Ted Kooser
0%
Ted Sorenson
0%
Willa Cather
0%
No matching quizzes found
Score Distribution
Percent of People with Each Score
Percentile by Number Answered
Your Score History
You have not taken this quiz